Cell structure and function
Guardat en:
| Autor principal: | |
|---|---|
| Altres autors: | |
| Format: | Llibre |
| Idioma: | anglès |
| Publicat: |
New York, USA
Holt, Rinehart and Winston
1969
|
| Edició: | Segunda edición |
| Matèries: | |
| Etiquetes: |
Afegir etiqueta
Sense etiquetes, Sigues el primer a etiquetar aquest registre!
|
MARC
| LEADER | 00000nam a2200000 a 4500 | ||
|---|---|---|---|
| 001 | UCT4929 | ||
| 003 | CL-VaPUC | ||
| 005 | 20220914074226.0 | ||
| 008 | 961127e19690000US |||||||||||||||||eng|d | ||
| 999 | |c 254010 |d 254008 | ||
| 020 | |a 0030858763 | ||
| 040 | |c Pontificia Universidad Católica de Valparaíso | ||
| 082 | 0 | 4 | |a 571.6 LOE 1969 |2 21 |
| 100 | |a Loewy, Ariel G. |e autor |9 374246 | ||
| 245 | 1 | 0 | |a Cell structure and function |
| 250 | |a Segunda edición | ||
| 260 | 0 | 3 | |a New York, USA |b Holt, Rinehart and Winston |c 1969 |
| 300 | |a 516 páginas | ||
| 583 | |a last modification |c 19961127 00:00:00 |k Rodrigo Vera | ||
| 650 | 0 | |a Citología |9 261432 | |
| 650 | 0 | |a Estructura celular |9 362207 | |
| 650 | 0 | |a Biología molecular |9 269677 | |
| 650 | 7 | |a CELULAS BIOLOGIA |2 CL-VaPUC |9 374183 | |
| 650 | 7 | |a ENZIMOLOGIA |2 CL-VaPUC |9 263051 | |
| 650 | 0 | |a Fuentes de energía |9 263042 | |
| 700 | 0 | |a Siekevitz, Philip |9 374182 | |
| 942 | |c BK |2 ddc | ||
| 945 | |d 19961127 00:00:00 |a cmena | ||
| 952 | |0 0 |1 0 |2 ddc |4 0 |6 571_600000000000000_LOE_1969 |7 0 |8 A |9 275317 |a BIBCUR |b BIBCUR |d 2019-11-19 |i 4681290 |o 571.6 LOE 1969 |p 4681290 |r 2025-04-22 |t 2 |w 2019-11-19 |y BK |k BCB | ||